000 004430000a22001810004500
003 MACL
005 20160108141514.0
008 160108b xxu||||| |||| 00| 0 eng d
040 _aMACL
_cMACL
041 _aEnglish
082 _a920/RAU
100 _aRau, M Chalapathi
_929787
245 _aGovind Ballabh Pant
260 _bAllied Publishers
_c1981
_aNew Delhi
350 _a125
650 _aBiography
_929788
942 _cBK
_k920/Rau
_2ddc
999 _c34463
_d34463